1292 1896 1569 1063 1353 1286 1473 1301 1645 1051 1616 1535 1930 1546 1628 1446 1343 1631 1936 1406 1590 1993 1627 1711 1990 1166 1174 1623 1124 1157 1000 1673 1946 1255 1999 1169 1353 1651 1455 1252 1124 1048 1120 1403 1840 1999 1163 1184 1975 1990 1101 1561 1321 1436 1574 1219 1106 1997 1939 1472 1960 1619 1141 1230 1244 1088 1379 1801 1861 1475 1924 1133 1963 1257 1529 1680 1200 1611 1103 1457 1060 1693 1195 1139 1731 1491 1310 1685 1754 1173 1672 1772 1152 1214 1223 1602 1217 1725 1789 BCNSPRNW ULIB Ver.6.0+V

เปลี่ยนเป็นภาษาไทย

Change to English
 แสดงรายละเอียดบรรณานุกรม
  กลับหน้าหลัก

Brief Record : Get Marc (ISO 2709) : E-mail record : QR code < ปิดหน้าต่าง
LEADER : 00000nas 2200000uu 4500
001    13399115084
003     ULIB
008    020711s|||| th a 000 0 tha d
022    ^a19061757
110    ^aวิทยาลัยการสาธารณสุขสิรินธร จังหวัดขอนแก่น
245    ^aวารสารวิทยาลัยการสาธารณสุขสิรินธร จังหวัดขอนแก่น/^cวิทยาลัยการสาธารณสุขสิรินธร จังหวัดขอนแก่น
260    ^aขอนแก่น :^bวิทยาลัยการสาธารณสุขสิรินธร จังหวัดขอนแก่น,^cม.ป.ป.
310    ^aรายสี่เดือน
850 ^a ULIB^bฉบับที่ 1 ปีที่ 4 ;ฉบับที่ 2 ปีที่ 4
945    ^p0^l0^i900521
945    ^p0^l0^i900744
999    ^aวรรณษา ชูชัยมงคล
รายการนี้ยังไม่มีแท็ก
คุณยังไม่ได้ล็อกอิน คุณสามารถมีกิจกรรมร่วมกับเว็บไซต์ได้ แต่ต้องล็อกอินก่อน ::
  ล็อกอิน

รายการสื่อสารสนเทศ (วารสาร)

ดูแบบ: กล่อง รายการ
ARRIVED
ฉบับที่ 1 ปีที่ 4
สถานที่: ห้องสมุดวิทยาเขตสวรรค์ประชารักษ์ >วารสาร
ARRIVED
ฉบับที่ 2 ปีที่ 4
สถานที่: ห้องสมุดวิทยาเขตสวรรค์ประชารักษ์ >หนังสือทั่วไป
รายการใกล้เคียง
    ผู้แต่ง []

BibComment


ยังไม่เคยถูกคอมเมนท์

คอมเมนท์ทรัพยากรรายการนี้
  คอมเมนท์: วารสารวิทยาลัยกา..


 Copyright 2026. Bcnsprnw @Library